000 00518nam a2200193Ia 4500
003 GCL
008 140319s9999 xx 000 0 eng d
040 _aGCL /
_cGCL
082 0 4 _a158.24
_bC R
100 1 _aCOOKERLY, J. RICHARD
245 1 0 _aRECOVERING LOVE, CODEPENDENCY TO CORECOVERY /
_cCOOKERLY, J. RICHARD
260 _a[S.N] :
_bTAB BOOKS ،
_c1992
300 _a174 P
650 0 4 _aCODEPENDENTS
650 0 4 _aCODEPENDENTS FAMILY
650 0 4 _aLOVE
650 0 4 _aMARITAL PSYCHOTHERAPY
942 _2ddc
_cBK
999 _c18213
_d18213